Music Quiz

Random Music or Song Quiz

Beatles Cacophony Quiz Stats

 Plays Quiz not verified by Sporcle

Also try: Beatles Reversed
Challenge
Share
Tweet
Score 0/10 Timer 04:00
0 Plays Today
Song % Correct
When I'm Sixty-four
95.3%
Yesterday
94.1%
Something
82.4%
Love Me Do
81.2%
Rocky Raccoon
75.3%
She's Leaving Home
70.6%
Two of Us
62.4%
She Said She Said
48.2%
Rain
41.2%
Don't Bother Me
22.4%

You're not logged in!

Compare scores with friends on all Sporcle quizzes.
Join for Free
OR
Log In

You Might Also Like...

Show Comments

Extras

Top Quizzes Today


Score Distribution

Your Account Isn't Verified!

In order to create a playlist on Sporcle, you need to verify the email address you used during registration. Go to your Sporcle Settings to finish the process.

Report this User

Report this user for behavior that violates our Community Guidelines.

Details: